| 000 | 00769nam a2200265 a 4500 | ||
|---|---|---|---|
| 001 | 61466 | ||
| 003 | BD-RjUL | ||
| 005 | 20211209080952.0 | ||
| 008 | 170118s1954 is 001 0 eng | ||
| 035 | _a(BD-RjUL)61590 | ||
| 035 | _a(OCoLC)3816059 | ||
| 040 |
_aDLC _cScU _dBD-RjUL _beng |
||
| 041 | _aeng | ||
| 082 |
_223 _a494.35 _bHEL 1954 |
||
| 100 | 1 |
_aHeyd, Uriel. _9183206 |
|
| 245 | 1 | 0 |
_aLanguage reform in modern Turkey / _cUriel Heyd |
| 260 |
_aJerusalem : _bIsrael Oriental Society, _c1954. |
||
| 300 |
_a116 p. ; _c22 cm. |
||
| 490 | 0 |
_aOriental notes and studies, _vno. 5 |
|
| 500 | _aIncludes index | ||
| 650 | 0 |
_aTurkish language _xHistory _9183207 |
|
| 830 |
_aOriental notes and studies _vno. 5 _9183211 |
||
| 942 |
_2ddc _cBK |
||
| 999 |
_c61466 _d61466 |
||